ბათუმის შოთა რუსთაველის სახელმწიფო უნივერსიტეტის ბიბლიოთეკა

Hastings International and Comparative Law Review : (ბიბ.ჩანაწერი № 62250)

000 -LEADER
fixed length control field 00510nam a22001697a 4500
005 - DATE AND TIME OF LATEST TRANSACTION
control field 20240904155541.0
008 - FIXED-LENGTH DATA ELEMENTS--GENERAL INFORMATION
fixed length control field 240904c2004 enk||||| |||| 00| 0 eng d
022 ## - INTERNATIONAL STANDARD SERIAL NUMBER
International Standard Serial Number 0149 9246
041 ## - LANGUAGE CODE
Language code of text/sound track or separate title eng
245 ## - TITLE STATEMENT
Title Hastings International and Comparative Law Review :
Remainder of title 2004 /
Statement of responsibility, etc. Editor C. Hervey.
260 ## - PUBLICATION, DISTRIBUTION, ETC.
Place of publication, distribution, etc. California,
Date of publication, distribution, etc. 2004.
300 ## - PHYSICAL DESCRIPTION
Extent V.
653 ## - INDEX TERM--UNCONTROLLED
Uncontrolled term სამართალი
653 ## - INDEX TERM--UNCONTROLLED
Uncontrolled term პერიოდიკა
700 ## - ADDED ENTRY--PERSONAL NAME
Personal name Hervey, C.
Relator term რედაქტორი
9 (RLIN) 23159
942 ## - ADDED ENTRY ELEMENTS (KOHA)
Source of classification or shelving scheme
Koha item type პერიოდიკა
ეგზემპლარები
Withdrawn status Lost status Source of classification or shelving scheme Damaged status Not for loan Permanent Location Current Location Shelving location Date acquired Serial Enumeration / chronology Barcode Date last seen Copy number Price effective from Koha item type
          ბათუმის შოთა რუსთაველის სახელმწიფო უნივერსიტეტის მთავარი ბიბლიოთეკა ბათუმის შოთა რუსთაველის სახელმწიფო უნივერსიტეტის მთავარი ბიბლიოთეკა წიგნსაცავი 2024-09-04 Vol. 27. # 2 Winter 2004 81274 2024-09-04 81274 2024-09-04 პერიოდიკა
          ბათუმის შოთა რუსთაველის სახელმწიფო უნივერსიტეტის მთავარი ბიბლიოთეკა ბათუმის შოთა რუსთაველის სახელმწიფო უნივერსიტეტის მთავარი ბიბლიოთეკა წიგნსაცავი 2024-09-04 Vol. 27. # 3 Spring 2004 81275 2024-09-04 81275 2024-09-04 პერიოდიკა